| 000 | 01555cam a22003854a 4500 | ||
|---|---|---|---|
| 001 | 13805254 | ||
| 003 | OSt | ||
| 005 | 20211124105144.0 | ||
| 008 | 041203s2006 ohua b 001 0 eng | ||
| 010 | _a 2004117304 | ||
| 020 | _a0324314574 | ||
| 038 | _aKhadija | ||
| 040 |
_aDLC _cDLC _dDLC |
||
| 042 | _apcc | ||
| 050 | 0 | 0 |
_aHD31 _b.S34156 2006 |
| 082 | 0 | 0 |
_a658.4 _222 _bBUL |
| 100 | 1 |
_aBuller, Paul F. _914100 |
|
| 245 | 1 | 0 |
_aManaging organizations and people : _bcases in management, organizational behavior, and human resource management / _cPaul F. Buller, Randall S. Schuler. |
| 246 | 3 | 0 | _aCases in management, organizational behavior, and human resources |
| 250 | _a7th ed., modular ed. | ||
| 260 |
_aMason, Ohio : _bThomson/South-Western, _cc2006. |
||
| 300 |
_a1 v. (various pagings) : _bill. ; _c26 cm. |
||
| 504 | _aIncludes bibliographical references. | ||
| 563 | _aPaperback | ||
| 650 | 0 |
_aManagement _vCase studies. _914101 |
|
| 650 | 0 |
_aOrganizational behavior _vCase studies. _914102 |
|
| 700 | 1 |
_aSchuler, Randall S. _914103 |
|
| 856 | 4 | 2 |
_3Contributor biographical information _uhttp://www.loc.gov/catdir/enhancements/fy1103/2004117304-b.html |
| 856 | 4 | 2 |
_3Publisher description _uhttp://www.loc.gov/catdir/enhancements/fy1103/2004117304-d.html |
| 856 | 4 | 1 |
_3Table of contents only _uhttp://www.loc.gov/catdir/enhancements/fy1103/2004117304-t.html |
| 906 |
_a7 _bcbc _corigcop _d2 _eopcn _f20 _gy-gencatlg |
||
| 942 |
_2ddc _cBK |
||
| 999 |
_c31690 _d31690 |
||